• 首页
  • 本馆介绍
  • 公告通知
  • 最新文献
  • 馆藏检索
  • 电子资源
  • 读者导购
  • 参考咨询
  • 我的图书馆
  • 登录
  • 详细信息显示
  • 放入我的书架
  • 预约/预借图书
  • 作者相关作品
  • 分类相关作品
  • 丛书相关作品
  • 出版社相关作品

书目信息

  • 表格格式
  • 工作单格式
  • 卡片格式
题名:
上海通史
    
 
作者: 许敏 著
分册: 第10卷  
出版信息: 上海   上海人民出版社  1999.09
页数: 386页
开本: 21cm
丛书名:
单 册:
中图分类: K295.1
科图分类:
主题词: 地方史--上海
电子资源:
ISBN: 7-208-03224-6
000 00610nam0 2200205 45
001 0211121499
005 20031219104100.1
010    @a7-208-03224-6@b精装@dCNY43.00
100    @a20021112d1999 km y0chiy0120 ea
101 0  @achi
105    @aa z 000yy
200 1  @a上海通史@h第10卷@e民国文化@EMin Guo Wen Hua@AShang Hai Tong Shi@f许敏著@FXu Min Zhu
210    @a上海@c上海人民出版社@d1999.09
215    @a386页@c插图@d21cm
517    @a民国文化@AMin Guo Wen Hua
606 0  @a地方史@y上海
690    @aK295.1@v4
701  0 @a许敏@4著
801    @aCN@bTSTC@c20021112
905    @b317367-371@dK295.1@e111:10@f5
    
    上海通史.第10卷:民国文化/许敏著.-上海:上海人民出版社,1999.09
    386页:插图;21cm
    
    
    ISBN 7-208-03224-6(精装):CNY43.00
    
●
相关链接 在E读中查询图书 在五车中查询图书 在当当中查询图书 在豆瓣中查询图书


正题名:上海通史     索取号:K295.1/111:10         预约/预借

序号 登录号 条形码 馆藏地/架位号 状态 备注
1 0317367   203173671   密集书库/ [索取号:K295.1/111:10] 在馆    
2 0317368   203173680   密集书库/ [索取号:K295.1/111:10] 在馆    
3 0317369   203173699   第二借阅区/ [索取号:K295.1/111:10] 在馆    
4 0317370   203173706   第二借阅区/ [索取号:K295.1/111:10] 在馆    
5 0317371   203173715   第二样本阅览室/ [索取号:K295.1/111:10] 在馆    
唐山师范学院图书馆 欢迎您!
大连网信软件有限公司© 版权所有